|
|
|
|
| LEADER |
00728cam a22002297i 4500 |
| 020 |
|
|
|a 9780198755609
|
| 020 |
|
|
|a 0198755600
|
| 082 |
0 |
0 |
|a 330.9
|
| 245 |
0 |
4 |
|a The new Oxford handbook of economic geography /
|
| 250 |
|
|
|a First edition.
|
| 260 |
|
|
|a New York
|b Oxford University press
|c 2018
|
| 300 |
|
|
|a xlvi, 918 pages :
|b illustrations ;
|
| 650 |
|
0 |
|a Economic geography
|
| 650 |
|
7 |
|a Economic geography.
|
| 700 |
1 |
|
|a Clark, Gordon L.,
|
| 700 |
1 |
|
|a Feldman, Maryann P.,
|
| 700 |
1 |
|
|a Gertler, Meric S.,
|
| 700 |
1 |
|
|a Wójcik, Dariusz,
|
| 700 |
1 |
|
|a Kaiser, Angelika,
|
| 942 |
|
|
|c BK
|
| 999 |
|
|
|c 24652
|d 24652
|
| 952 |
|
|
|0 0
|1 0
|4 0
|6 330_900000000000000
|7 0
|9 27067
|a CAMPUS
|b CAMPUS
|d 2019-06-26
|l 0
|o 330.9
|p 27718
|r 2019-06-26
|w 2019-06-26
|y BK
|